[Event "PNWCC Super G60 Apr Gp2"]
[Site "Chess.com INT"]
[Date "2021.04.24"]
[Round "3"]
[White "Estrada Nieto, Julian"]
[Black "Tang, Austin"]
[Result "1/2-1/2"]
[WhiteElo "2280"]
[BlackElo "1509"]
[PlyCount "53"]
[EventDate "2021.04.24"]
[EventType "swiss"]
[EventRounds "6"]
[EventCountry "USA"]
[SourceTitle "CBM 202 Extra"]
[Source "ChessBase"]
[SourceDate "2021.07.31"]
[SourceVersion "1"]
[SourceVersionDate "2021.07.31"]
[SourceQuality "1"]

1. e4 c5 2. Nf3 d6 3. Bb5+ Nd7 4. 0-0 e6 5. d4 cxd4 6. Qxd4 a6 7. Bxd7+ Bxd7 8. c4 Nf6 9. Nc3 Be7 10. a4 0-0 11. b3 Bc6 12. Ba3 Qc7 13. Rac1 Rfd8 14. Rfd1 d5 15. Bxe7 Qxe7 16. exd5 exd5 17. c5 Ne4 18. Re1 Qf6 19. Ne5 Re8 20. Nxc6 bxc6 21. Qxf6 Nxf6 22. f3 Rab8 23. Rxe8+ Nxe8 24. Rb1 Nc7 25. b4 f6 26. Kf2 Kf7 27. Ke3 1/2-1/2

[Event "PNWCC Super G60 Apr Gp2"]
[Site "Chess.com INT"]
[Date "2021.04.24"]
[Round "2"]
[White "Tang, Austin"]
[Black "Jiang, Andrew"]
[Result "1-0"]
[WhiteElo "1509"]
[BlackElo "1705"]
[PlyCount "26"]
[EventDate "2021.04.24"]
[EventType "swiss"]
[EventRounds "6"]
[EventCountry "USA"]
[SourceTitle "CBM 202 Extra"]
[Source "ChessBase"]
[SourceDate "2021.07.31"]
[SourceVersion "1"]
[SourceVersionDate "2021.07.31"]
[SourceQuality "1"]

1. e4 e5 2. Nf3 Nc6 3. Bb5 a6 4. Ba4 Nf6 5. Qe2 b5 6. Bb3 Be7 7. 0-0 0-0 8. c3 d6 9. Rd1 Bb7 10. d4 Qe8 11. a4 Na5 12. Bc2 exd4 13. cxd4 Nb3 1-0

[Event "PNWCC PDT Section 2"]
[Site "Chess.com INT"]
[Date "2021.01.30"]
[Round "3"]
[White "Liu, Eric"]
[Black "Tang, Austin"]
[Result "1-0"]
[WhiteElo "1513"]
[BlackElo "1509"]
[PlyCount "101"]
[EventDate "2021.01.30"]
[EventType "swiss (rapid)"]
[EventRounds "3"]
[EventCountry "USA"]
[SourceTitle "CBM 200 Extra"]
[Source "ChessBase"]
[SourceDate "2021.03.31"]
[SourceVersion "1"]
[SourceVersionDate "2021.03.31"]
[SourceQuality "1"]

1. e4 c5 2. Nf3 d6 3. d4 cxd4 4. Nxd4 Nf6 5. Nc3 Nc6 6. f3 e5 7. Nb3 Be7 8. Be3 Be6 9. Qd2 d5 10. exd5 Nxd5 11. Nxd5 Qxd5 12. Qxd5 Bxd5 13. 0-0-0 0-0-0 14. a3 Be6 15. Nc5 Rxd1+ 16. Kxd1 Rd8+ 17. Bd3 Bf5 18. Ke2 Bxd3+ 19. Nxd3 f6 20. c4 Kb8 21. b4 Nd4+ 22. Bxd4 Rxd4 23. c5 Rc4 24. Rc1 Rxc1 25. Nxc1 f5 26. Nd3 Bf6 27. b5 e4 28. fxe4 fxe4 29. Nf2 Be5 30. h3 Kc7 31. Nxe4 a6 32. a4 axb5 33. axb5 h6 34. Kd3 g5 35. Kc4 Bf4 36. g4 Bc1 37. Kd5 Bf4 38. c6 bxc6+ 39. bxc6 Bh2 40. Nc5 Bg3 41. Ne6+ Kb6 42. Nd4 Bf4 43. Nf5 Kc7 44. Nxh6 Kb6 45. Nf5 Kc7 46. Nd4 Kb6 47. Ne6 Bc1 48. Kd6 Be3 49. c7 Ka7 50. c8Q Bc5+ 51. Kc6 1-0

[Event "PNWCC Super G60 Jan Gp2"]
[Site "Chess.com INT"]
[Date "2021.01.16"]
[Round "3"]
[White "Tang, Austin"]
[Black "Tang, Zoey"]
[Result "1/2-1/2"]
[WhiteElo "1509"]
[BlackElo "1871"]
[PlyCount "98"]
[EventDate "2021.01.16"]
[EventType "swiss"]
[EventRounds "6"]
[EventCountry "USA"]
[SourceTitle "CBM 200 Extra"]
[Source "ChessBase"]
[SourceDate "2021.03.31"]
[SourceVersion "1"]
[SourceVersionDate "2021.03.31"]
[SourceQuality "1"]

1. e4 c5 2. Nf3 a6 3. Nc3 b5 4. d4 cxd4 5. Nxd4 Bb7 6. Bd3 d6 7. 0-0 Nf6 8. Qe2 e6 9. a4 b4 10. Na2 a5 11. c3 bxc3 12. Nxc3 Nbd7 13. f4 Be7 14. Kh1 Nc5 15. Bb5+ Kf8 16. Nc6 Bxc6 17. Bxc6 Rc8 18. Bb5 h5 19. e5 Ng4 20. h3 Nb3 21. Rb1 Qb6 22. Ne4 d5 23. Ng3 g6 24. Qf3 Nd4 25. Qd3 Nc2 26. Qf3 Bh4 27. Bd2 Nd4 28. Qd3 Nxb5 29. axb5 Nf2+ 30. Rxf2 Qxf2 31. Qa3+ Kg7 32. Be1 Qc2 33. Ra1 Rc4 34. Nf5+ Qxf5 35. Bxh4 Rhc8 36. Bf6+ Kh7 37. Bg5 a4 38. Qe7 R4c7 39. Qd6 h4 40. Kh2 Rc2 41. Qe7 R2c7 42. Qd6 Rc4 43. Qe7 Kg8 44. Rf1 Rc2 45. Bxh4 Qe4 46. Qg5 Rxb2 47. Rg1 a3 48. Qh6 Rc4 49. Bg5 Rcc2 1/2-1/2

[Event "PNWCC Thanksgiving op"]
[Site "Chess.com INT"]
[Date "2020.11.27"]
[Round "2"]
[White "Levine, Joseph1"]
[Black "Tang, Austin"]
[Result "1-0"]
[WhiteElo "2073"]
[BlackElo "1509"]
[PlyCount "71"]
[EventDate "2020.11.27"]
[EventType "swiss (rapid)"]
[EventRounds "9"]
[EventCountry "USA"]
[SourceTitle "CBM 199 Extra"]
[Source "ChessBase"]
[SourceDate "2021.01.31"]
[SourceVersion "1"]
[SourceVersionDate "2021.01.31"]
[SourceQuality "1"]

1. e4 c5 2. Nf3 d6 3. d4 cxd4 4. Nxd4 Nf6 5. Nc3 Nc6 6. Bc4 e6 7. Be3 Be7 8. 0-0 0-0 9. h3 Re8 10. f4 d5 11. Bb5 Qc7 12. Qf3 dxe4 13. Nxe4 Nd5 14. Bxc6 bxc6 15. c4 Nxe3 16. Qxe3 Rb8 17. b3 a6 18. c5 Bb7 19. Nf3 Rbd8 20. Ne5 f5 21. Nc3 Bf6 22. Rad1 Bxe5 23. Qxe5 Qxe5 24. fxe5 g5 25. Rxd8 Rxd8 26. Rd1 Rxd1+ 27. Nxd1 a5 28. Ne3 Ba6 29. Nc2 Bd3 30. Nd4 Bb1 31. Nxc6 a4 32. bxa4 Bxa2 33. a5 Kf7 34. Nb8 Bd5 35. c6 Ke8 36. a6 1-0

[Event "PNWCC Thanksgiving op"]
[Site "Chess.com INT"]
[Date "2020.11.27"]
[Round "3"]
[White "Tang, Zoey"]
[Black "Tang, Austin"]
[Result "1/2-1/2"]
[WhiteElo "1871"]
[BlackElo "1509"]
[PlyCount "162"]
[EventDate "2020.11.27"]
[EventType "swiss (rapid)"]
[EventRounds "9"]
[EventCountry "USA"]
[SourceTitle "CBM 199 Extra"]
[Source "ChessBase"]
[SourceDate "2021.01.31"]
[SourceVersion "1"]
[SourceVersionDate "2021.01.31"]
[SourceQuality "1"]

1. d4 Nf6 2. Bg5 d5 3. e3 c5 4. Bxf6 gxf6 5. dxc5 e6 6. Nf3 Bxc5 7. c4 dxc4 8. Qa4+ Nc6 9. Qxc4 Bb6 10. Nc3 Qe7 11. Be2 Bd7 12. 0-0 Rc8 13. Qh4 f5 14. Qg3 Qf6 15. Nb5 Kf8 16. Rfd1 Be8 17. b3 Rg8 18. Qh3 Qg7 19. Rac1 Rd8 20. Nd6 Qg4 21. Qxg4 fxg4 22. Ne1 Rd7 23. Bb5 Ke7 24. Nc8+ Kd8 25. Nxb6 axb6 26. Nd3 Rd6 27. Kf1 Kc7 28. Ke1 f6 29. Rc3 Bg6 30. Rdc1 Rgd8 31. Nf4 Bf7 32. f3 gxf3 33. gxf3 e5 34. Nd3 Kb8 35. Nf2 Nb4 36. Ne4 Re6 37. Ra1 Bg6 38. a3 Bxe4 39. fxe4 Na6 40. b4 Red6 41. Rac1 Rd2 42. Be2 Ra2 43. Rd1 Rxd1+ 44. Kxd1 Ra1+ 45. Kd2 Rh1 46. Rd3 Kc7 47. Bg4 Rxh2+ 48. Kc3 Nb8 49. Kc4 h5 50. Bf5 Rc2+ 51. Kd5 Rc6 52. Rb3 Rd6+ 53. Kc4 Nc6 54. Rb1 Rd8 55. Rh1 Rh8 56. Rh4 Ne7 57. Bg4 Ng6 58. Rxh5 Rxh5 59. Bxh5 Ne7 60. Bg4 Kd6 61. Kb5 Kc7 62. a4 Ng6 63. Be6 Nh4 64. Bh3 Ng6 65. Kc4 Kd6 66. Bc8 Kc7 67. Bg4 Kd6 68. Bd1 Nh4 69. Bb3 Ng6 70. Kd3 Ne7 71. Bc4 Nc6 72. Kc3 Ne7 73. Kd3 Nc6 74. Kc3 Ne7 75. Be2 Kc7 76. Bg4 Kd6 77. Kc4 Kc7 78. Bh3 Kd6 79. Bf1 Kc7 80. Bg2 Kd6 81. Bf3 Kc7 1/2-1/2

[Event "Seattle Seafair op"]
[Site "Chess.com INT"]
[Date "2020.07.18"]
[Round "2"]
[White "Tang, Austin"]
[Black "Aleksandrov, Aleksej"]
[Result "0-1"]
[WhiteElo "1509"]
[BlackElo "2582"]
[PlyCount "80"]
[EventDate "2020.07.18"]
[EventType "swiss"]
[EventRounds "5"]
[EventCountry "NET"]
[SourceTitle "EXT 2023"]
[Source "ChessBase"]
[SourceDate "2022.10.05"]
[SourceVersion "1"]
[SourceVersionDate "2022.10.05"]
[SourceQuality "1"]

1. e4 e5 2. Nf3 Nc6 3. Bb5 a6 4. Ba4 Nf6 5. d3 d6 6. 0-0 g6 7. c3 Bg7 8. h3 0-0 9. Re1 Nb8 10. d4 Nbd7 11. Bb3 b5 12. a4 Bb7 13. Nbd2 c5 14. Qe2 exd4 15. cxd4 c4 16. Bc2 Re8 17. Ra3 Qc7 18. Re3 Bh6 19. Rc3 d5 20. e5 b4 21. Re3 Bxe3 22. Qxe3 Nh5 23. Qh6 f6 24. Bxg6 hxg6 25. Qxg6+ Ng7 26. exf6 Rxe1+ 27. Nxe1 Nxf6 28. Qxf6 Rf8 29. Qg5 Qf4 30. Ndf3 Qxg5 31. Nxg5 Re8 32. Kf1 a5 33. Nef3 c3 34. bxc3 Ba6+ 35. Kg1 bxc3 36. h4 Rb8 37. Bf4 Rb1+ 38. Kh2 Nh5 39. Be3 Nf6 40. Ne5 Re1 0-1